| 000 | 00357nam a2200121 4500 | ||
|---|---|---|---|
| 999 |
_c14367 _d14367 |
||
| 008 | 190913b ||||| |||| 00| 0 eng d | ||
| 100 |
_939612 _aMateo, Janvic. |
||
| 245 |
_aHuman lives are human rights- CHR/ _cJanvic Mateo. |
||
| 260 |
_aPhilippines: _bThe Philippine Star; _cc2018. |
||
| 300 | _apage 4. | ||
| 650 | 0 |
_939613 _aHuman rights. |
|
| 942 |
_2ddc _cPER |
||